000 01019nas a2200301 4500
001 BR2021000080
003 BR-BrBNA
005 20231205132118.0
007 ta
008 230509b bl.|||p| |||| 00| 00por d
040 _aBR-BrBNA
_bpor
_cBiblioteca Nacional de Agricultura
041 _a(Pt)
072 _aP34
100 1 _aVergara, C.
100 1 _aAraújo, K.E.C.
100 1 _aSchultz, N.
100 1 _aSaggin Júnior, O.J.
100 1 _aSperandio, M.V.L.
100 1 _aZilli, J.E.
245 1 _aInteração da planta com fungo micorrízico e sua resposta à inoculação com diferentes fungos promotores de crescimento
650 _aMICORRIZA VESICULAR ARBUSCULAR
650 _aINOCULAÇÃO
650 _aBIOLOGIA DO SOLO
773 0 _tPesquisa Agropecuária Brasileira (Brazil)
_xISSN 1678-3921
_g(2019), v. 54 p. 1-25
_wBR2021000080
856 4 0 _uhttps://www.scielo.br/j/pab/a/ZGdydFKFXmkjq845DBYYpGJ/?format=pdf lang=pt
909 _a202311
_bLúcia
_c55
_dLúcia Elande
942 _2AGRIS
_n0
_cANA
999 _c258537
_d258537